| 000 | 00428nam a22001577a 4500 | ||
|---|---|---|---|
| 005 | 20180820163207.0 | ||
| 010 | _aBAC-EN21 ENG-111672 | ||
| 035 | _aA-412669 | ||
| 037 | _bBPPD/PUB | ||
| 082 | _a160 | ||
| 100 | _aRussell, Bertrand. | ||
| 245 |
_aLogic and knowledge / _cby Bertrand Russell |
||
| 260 |
_aLondon _bUnwin hyman _c1956 |
||
| 300 |
_ax, 382p. _c21cm(Hb) |
||
| 942 |
_2ddc _cEN _h160 _mRUS |
||
| 999 |
_c156129 _d156129 |
||